000 02371nac a2200301 a 4500
003 CO-PeBPM
005 20250721150731.0
007 ta
008 250721s2022 ck a|||| |||| 00| 0 spa d
020 _aISBN: 9786287561625
040 _aCO-PeBPM
_bspa
_cCO-PeBPM
_erda
041 _aspa
082 0 4 _a868.865 L486l
_222
245 1 0 _aLeer para escribir
_b: Memorias de mujeres en la guerra
_c / Obras seleccionadas de la convocatoria abierta "Leer para escribir: Memorias de Mujeres en la Guerra (2022); Valentina Mejía Velásquez, encargada del proyecto; Elizabeth Daniela Rojas Mora, ilustraciones
250 _aPrimera edición
260 _aBogotá, Colombia
_b : Centro Nacional de Memoria Histórica
_c, 2022
300 _a188 páginas
_bilustraciones a color
_c19 centímetros
500 _aIncluye índice
504 _aContiene bibliografía
520 _aLa violencia contra las niñas y las mujeres se exacerbó en el contexto del conflicto armado debido a la actuación de los grupos armados, que profun- dizaron modelos patriarcales y victimizaciones basadas en el género, tanto en sus procesos intrafilas como en las comunidades afectadas por su presencia. Leer para escribir. Relatos de mujeres en la guerra es un ejercicio a través del cual mujeres colombianas crearon piezas artísticas y literarias a partir de la lectura de los relatos de otras mujeres que hicieron parte de los grupos paramilitares y que participaron en el Mecanismo No Judicial de Contribu- ción a la Verdad. En este libro encontrará tanto las obras creadas como los apartes de los relatos que las inspiraron. Se trata de una apuesta por visi- bilizar las múltiples violencias de género que se han cometido en el marco de imposiciones culturales y de la actuación de los grupos paramilitares en Colombia, y de poner en diálogo distintas realidades desde una perspectiva empática: un diálogo del que ahora usted, como lector, también hace parte.
650 1 4 _aEscritos colombianos - siglo XXI
_2LEMB
650 1 4 _aConflicto armado - Relatos personales - Colombia
_2LEMB
650 1 4 _aConflicto armado en la literatura - Colecciones de escritos - siglo XXI - Colombia
_2LEMB
650 1 4 _aMujeres como autoras - Colombia
_2LEMB
650 1 4 _aMemoria histótica - Colombia
_2LEMB
700 1 _a Rojas Mora, Elizabeth Daniela
_eilustraciones
942 _2ddc
_cBK
_n0
999 _c61053
_d61053